Sports Quiz

Random Sports or WWE Quiz
Score 0/36 Timer 07:00
0 Plays Today
% Correct
2020 (M)
100%
2020 (W)
100%
2017
82.1%
2018 (W)
77.3%
2018 (M)
72.7%
2016
72%
2019 (M)
69.2%
2019 (W)
69.2%
2012
62.9%
2014
56.9%
1997
56.3%
2008
56.3%
1988
55.3%
2010
54.8%
2011
54.3%
2013
52.8%
2015
52.8%
2003
51.8%
% Correct
2005
51.8%
1999
49.7%
2000
48.7%
2007
48.7%
1993
48.2%
2006
47.2%
2001
46.2%
2009
45.7%
1989
44.2%
1992
42.1%
2002
41.1%
1994
40.6%
1995
40.1%
1998
40.1%
1990
39.1%
1991
39.1%
2004
38.6%
1996
33.5%
Come Together.
Have Fun.
All Virtual.
We all need to come together. Play Sporcle's virtual live trivia to have fun, connect with people, and get your trivia on. Join a live hosted trivia game for your favorite pub trivia experience done virtually. If a virtual private party is more your thing, go here for details.

You're not logged in!

Compare scores with friends on all Sporcle quizzes.
OR
Log In

Sporcle TV

Today on Sporcle TV


Watch our educational content, quiz creation guides, and fun videos on Sporcle TV.

Show Comments

Extras

Top Quizzes Today


Score Distribution

Paid Content

Your Account Isn't Verified!

In order to create a playlist on Sporcle, you need to verify the email address you used during registration. Go to your Sporcle Settings to finish the process.

Report this User

Report this user for behavior that violates our Community Guidelines.

Details: